| 000 | 00615cam a22002051 4500 | ||
|---|---|---|---|
| 001 | sa 67001789 | ||
| 003 | DLC | ||
| 005 | 20260227112325.0 | ||
| 008 | 890414q io a 000 0 ind | ||
| 010 | _asa 67001789 | ||
| 035 | _a(OCoLC)23541880 | ||
| 040 |
_aDLC _cMiU _dDLC |
||
| 042 | _apremarc | ||
| 050 | 0 | 0 |
_aHA29 _b.S844 |
| 100 | 1 | _aSusanto, Heribertus. | |
| 245 | 1 | 0 | _aStatistik; untuk: Fakultas Ekonomi, Universitas Gadjah Mada, dilengkapi dengan: soal-soal latihan & udjian |
| 260 |
_aJogjakarta, _bPenerbit Diktat U.G.M. "Dwitunggal" _c[19 ] |
||
| 300 |
_av. _billus. _c21 cm. |
||
| 650 | 0 | _aStatistics | |
| 999 |
_c72860 _d72860 |
||